| 000 | 00507nam a2200205Ia 4500 | ||
|---|---|---|---|
| 003 | OSt | ||
| 005 | 20220927114236.0 | ||
| 006 | a|||||r|||| 00| 0 | ||
| 007 | ta | ||
| 008 | 220926b |||||||| |||| 00| 0 eng d | ||
| 024 | _a150752 | ||
| 037 | _cTextbook | ||
| 040 |
_aRTL _cRTL _beng |
||
| 041 |
_2eng _aeng |
||
| 082 | _a"U, TD" | ||
| 100 |
_aUBEROI J P S _9387753 |
||
| 245 | 0 | _aStructural concept of the Asian frontiers | |
| 942 |
_h"U, TD" _cCC |
||
| 999 |
_c703585 _d703585 |
||